| 000 | 00962nam a2200289Ia 4500 | ||
|---|---|---|---|
| 003 | CO-BoRNBP | ||
| 005 | 20230909170739.0 | ||
| 008 | 141031s9999 xx 000 0 und d | ||
| 020 | _a8496154947 | ||
| 040 |
_aCO-BoRNBP _bspa _erda _cCO-BoRNBP |
||
| 082 | 0 | 4 |
_222 _a(i) 863 A664s |
| 100 |
_aArbat, Carles _919377 |
||
| 245 | _aEl sueño de Dalí | ||
| 245 | _b Texto e ilustraciones de Carles Arbat ; traductor Manel Alonso i Català | ||
| 250 | _a2a ed. | ||
| 260 | _b Brosquil, 2006 | ||
| 264 | _aBarcelona | ||
| 300 |
_a34 páginas _bilustraciones |
||
| 336 |
_atexto _btxt _2rdacontent |
||
| 337 |
_asin mediación _bn _2rdamedia |
||
| 338 |
_avolumen _bnc _2rdacarrier |
||
| 600 | 1 | 0 |
_a Dali, Salvador _xEn la literatura _y1904-1989 _919378 |
| 650 | 1 | 4 |
_aCuentos infantiles españoles _2LEMB _9496 |
| 650 | 1 | 4 |
_aLiteratura infantil española _2LEMB _ySiglo XXI _919379 |
| 700 | 1 | 0 |
_aAlonso i Catalá, Manel _d1962- _etraductor _919380 |
| 942 |
_2ddc _cBK |
||
| 999 |
_c1341 _d1341 |
||